000 00213nam a22001097a 4500
100 _aLudlvw, Robert
245 _aThe Amber Warning
250 _a2011
260 _bOrion Books
300 _a481
942 _2ddc
_cBK
999 _c11782
_d11782